书目信息 |
| 题名: |
国富论
|
|
| 作者: | 斯密 著 ;王亚南 , 郭大力 译 | |
| 分册: | 上册 | |
| 出版信息: | 北京 北京联合出版公司 2013 |
|
| 页数: | 2册(362;477页) | |
| 开本: | 22cm | |
| 丛书名: | 汉译文库 | |
| 单 册: | ||
| 中图分类: | F091.33 | |
| 科图分类: | ||
| 主题词: | 古典资产阶级政治经济学 | |
| 电子资源: | ||
| ISBN: | 978-7-5502-1751-5 | |
| 000 | 01238nam0 2200277 450 | |
| 001 | 140016 | |
| 005 | 20140915085715.54 | |
| 010 | @a978-7-5502-1751-5@b精装@dCNY 39.40 | |
| 100 | @a20131017d2013 em y0chiy50 ea | |
| 101 | 1 | @achi@ceng |
| 102 | @aCN@b110000 | |
| 105 | @ay z 000yy | |
| 200 | 1 | @a国富论@Aguo fu lun@b专著@h上册@f(英)斯密著@F(ying)si mi zhu@g郭大力,王亚南译 |
| 210 | @a北京@c北京联合出版公司@d2013 | |
| 215 | @a2册(362;477页)@d22cm | |
| 225 | 1 | @a汉译文库@i经济类 |
| 312 | @a封面英文题名:An inquiry into the nature and causes of the wealth of nations | |
| 330 | @a本书总结了近代初期各国资本主义发展的经验,批判地吸收了当时的重要经济理论,提出了一套系统全面的经济学说。从作为国富基础的劳动,到提高劳动生产力的分工,再到分工带来的交换,交换带来的媒介——货币,再到商品的价格,以及构成价格的基本要素——工资、地租和利润,文中都有详细精辟的论述。 | |
| 510 | 1 | @aInquiry into the nature and causes of the wealth of nations@zeng |
| 606 | 0 | @a古典资产阶级政治经济学 |
| 690 | @aF091.33@v5 | |
| 701 | 0 | @c(英)@a斯密@Asi mi@c(Adam Smith@f1723 1790)@4著 |
| 702 | 0 | @a王亚南@Awang ya nan@f(1901 1969)@4译 |
| 702 | 0 | @a郭大力@Aguo da li@f(1905 1976)@4译 |
| 801 | 0 | @c20140915 |
| 905 | @a241430@dF091.33@eS7091:1 | |
| 国富论.上册/(英)斯密著/郭大力,王亚南译.-北京:北京联合出版公司,2013 |
| 2册(362;477页);22cm.-(汉译文库.经济类) |
| ISBN 978-7-5502-1751-5(精装):CNY 39.40 |
| 本书总结了近代初期各国资本主义发展的经验,批判地吸收了当时的重要经济理论,提出了一套系统全面的经济学说。从作为国富基础的劳动,到提高劳动生产力的分工,再到分工带来的交换,交换带来的媒介——货币,再到商品的价格,以及构成价格的基本要素——工资、地租和利润,文中都有详细精辟的论述。 |
| ● |
| 相关链接 |
|
|
|
正题名:国富论
索取号:F091.33/S7091:1
 
预约/预借
| 序号 | 登录号 | 条形码 | 馆藏地/架位号 | 状态 | 备注 |
| 1 | 0832968 | 208329682 | 社科库409/409社科库 66排1列5层/ [索取号:F091.33/S7091:1] | 在馆 | |
| 2 | 0832969 | 208329691 | 社科库409/409社科库 66排1列5层/ [索取号:F091.33/S7091:1] | 在馆 | |
| 3 | 0832970 | 208329708 | 社科二线400B/400B社科库 31排1列6层/ [索取号:F091.33/S7091:1] | 在馆 |